00358nam a22001217a 4500008004100000040005500041080002000096100001100116245001700127260006300144300001000207650001900217230502b |||||||| |||| 00| 0 eng d aNational Science LibrarycNational Science Library a54(08)=00bK-;1 aOmagiu aRaluca ripan aRomania: bEditura Academiei Republicll Socialiste, c1966 a627p. aBibliographies